<?xml version="1.0" encoding="UTF-8"?>
<record
    xmlns:xsi="http://www.w3.org/2001/XMLSchema-instance"
    xsi:schemaLocation="http://www.loc.gov/MARC21/slim http://www.loc.gov/standards/marcxml/schema/MARC21slim.xsd"
    xmlns="http://www.loc.gov/MARC21/slim">

  <leader>01145nam a22001577a 4500</leader>
  <controlfield tag="008">120912t        xxu||||| |||| 00| 0 eng d</controlfield>
  <datafield tag="020" ind1=" " ind2=" ">
    <subfield code="a">9988785305</subfield>
  </datafield>
  <datafield tag="050" ind1=" " ind2=" ">
    <subfield code="a">HA29.K30</subfield>
  </datafield>
  <datafield tag="100" ind1=" " ind2=" ">
    <subfield code="a">Kwabia, Kwadwo </subfield>
  </datafield>
  <datafield tag="245" ind1=" " ind2=" ">
    <subfield code="a">Elements of social statistics. /</subfield>
    <subfield code="c">Kwadwo Kwabia</subfield>
  </datafield>
  <datafield tag="260" ind1=" " ind2=" ">
    <subfield code="a">Ghana:</subfield>
    <subfield code="b">Gertmash,</subfield>
    <subfield code="c">c2001.</subfield>
  </datafield>
  <datafield tag="300" ind1=" " ind2=" ">
    <subfield code="a">xxi, 261 p.:</subfield>
    <subfield code="c">23cm.</subfield>
  </datafield>
  <datafield tag="505" ind1=" " ind2=" ">
    <subfield code="a">Contents: Descriptive statistics: Tabulation of data -- Graphical representation of data -- Measures of the averages: the mode, median and percentile -- Measures of the averages: the arithmetric mean -- Measures of dispersion: the variance statistic -- Measures of dispersion: the standard deviation -- The Normal curve -- Inferential statistics: The Standard error and confidence interval estimates -- The Null hypothesis: one population mean -- The Null hypothesis: two population means -- Correlation coefficient -- The Regression analysis -- The Chi-square statistics -- The Simple analysis of variance -- Supplementary self-assessment test -- Appendix 1: answers to chapter 15 -- Appendix 2: statistical table.</subfield>
  </datafield>
  <datafield tag="650" ind1=" " ind2=" ">
    <subfield code="b">Social sciences -- Statistical methods. </subfield>
  </datafield>
  <datafield tag="942" ind1=" " ind2=" ">
    <subfield code="2">lcc</subfield>
    <subfield code="c">BK</subfield>
  </datafield>
  <datafield tag="999" ind1=" " ind2=" ">
    <subfield code="c">2329</subfield>
    <subfield code="d">9829</subfield>
  </datafield>
  <datafield tag="952" ind1=" " ind2=" ">
    <subfield code="0">0</subfield>
    <subfield code="1">0</subfield>
    <subfield code="2">lcc</subfield>
    <subfield code="4">0</subfield>
    <subfield code="7">0</subfield>
    <subfield code="a">WIUC-1</subfield>
    <subfield code="b">WIUC-1</subfield>
    <subfield code="c">REF</subfield>
    <subfield code="d">2012-09-12</subfield>
    <subfield code="l">0</subfield>
    <subfield code="o">HA29.K30</subfield>
    <subfield code="p">6374/12</subfield>
    <subfield code="r">2012-09-12 00:00:00</subfield>
    <subfield code="t">1</subfield>
    <subfield code="w">2012-09-12</subfield>
    <subfield code="y">BK</subfield>
  </datafield>
  <datafield tag="952" ind1=" " ind2=" ">
    <subfield code="0">0</subfield>
    <subfield code="1">0</subfield>
    <subfield code="2">lcc</subfield>
    <subfield code="4">0</subfield>
    <subfield code="7">0</subfield>
    <subfield code="a">WIUC-1</subfield>
    <subfield code="b">WIUC-1</subfield>
    <subfield code="c">REF</subfield>
    <subfield code="d">2012-09-12</subfield>
    <subfield code="l">0</subfield>
    <subfield code="o">HA29.K301</subfield>
    <subfield code="p">6375/12</subfield>
    <subfield code="r">2012-09-12 00:00:00</subfield>
    <subfield code="t">2</subfield>
    <subfield code="w">2012-09-12</subfield>
    <subfield code="y">BK</subfield>
  </datafield>
</record>
